<?xml version="1.0" encoding="UTF-8"?><?xml-stylesheet type="text/xsl" href="static/style.xsl"?><OAI-PMH xmlns="http://www.openarchives.org/OAI/2.0/" xmlns:xsi="http://www.w3.org/2001/XMLSchema-instance" xsi:schemaLocation="http://www.openarchives.org/OAI/2.0/ http://www.openarchives.org/OAI/2.0/OAI-PMH.xsd"><responseDate>2026-04-27T19:59:43Z</responseDate><request verb="GetRecord" identifier="oai:uvadoc.uva.es:10324/78352" metadataPrefix="marc">https://uvadoc.uva.es/oai/request</request><GetRecord><record><header><identifier>oai:uvadoc.uva.es:10324/78352</identifier><datestamp>2025-10-06T19:06:55Z</datestamp><setSpec>com_10324_23835</setSpec><setSpec>com_10324_5186</setSpec><setSpec>com_10324_29291</setSpec><setSpec>col_10324_78351</setSpec></header><metadata><record xmlns="http://www.loc.gov/MARC21/slim" xmlns:doc="http://www.lyncode.com/xoai" xmlns:xsi="http://www.w3.org/2001/XMLSchema-instance" xmlns:dcterms="http://purl.org/dc/terms/" xsi:schemaLocation="http://www.loc.gov/MARC21/slim http://www.loc.gov/standards/marcxml/schema/MARC21slim.xsd">
<leader>00925njm 22002777a 4500</leader>
<datafield tag="042" ind1=" " ind2=" ">
<subfield code="a">dc</subfield>
</datafield>
<datafield tag="720" ind1=" " ind2=" ">
<subfield code="a">Velasco Martín, Alfonso</subfield>
<subfield code="e">author</subfield>
</datafield>
<datafield tag="720" ind1=" " ind2=" ">
<subfield code="a">Velasco Sendra, María</subfield>
<subfield code="e">author</subfield>
</datafield>
<datafield tag="260" ind1=" " ind2=" ">
<subfield code="c">2016</subfield>
</datafield>
<datafield tag="024" ind2=" " ind1="8">
<subfield code="a">Anales de la Real Academia de Medicina y Cirugía de Valladolid,2016,N.53,pags.163-171</subfield>
</datafield>
<datafield tag="024" ind2=" " ind1="8">
<subfield code="a">0210-6523</subfield>
</datafield>
<datafield tag="024" ind2=" " ind1="8">
<subfield code="a">https://uvadoc.uva.es/handle/10324/78352</subfield>
</datafield>
<datafield tag="024" ind2=" " ind1="8">
<subfield code="a">163</subfield>
</datafield>
<datafield tag="024" ind2=" " ind1="8">
<subfield code="a">53</subfield>
</datafield>
<datafield tag="024" ind2=" " ind1="8">
<subfield code="a">171</subfield>
</datafield>
<datafield tag="245" ind1="0" ind2="0">
<subfield code="a">Inmunoterapia y biotecnología</subfield>
</datafield>
</record></metadata></record></GetRecord></OAI-PMH>